The Complete Work of William Shakespeare (Record no. 1907)
[ view plain ]
| 000 -LEADER | |
|---|---|
| fixed length control field | 00279nam a22001097a 4500 |
| 008 - FIXED-LENGTH DATA ELEMENTS--GENERAL INFORMATION | |
| fixed length control field | 250108b |||||||| |||| 00| 0 eng d |
| 100 ## - MAIN ENTRY--AUTHOR | |
| Author | Clark W.G |
| 245 ## - TITLE STATEMENT | |
| Title | The Complete Work of William Shakespeare |
| 260 ## - PUBLICATION, DISTRIBUTION, ETC. (IMPRINT) | |
| Place of publication | New York |
| Name of publisher | Nelson Doubled Day |
| 942 ## - ADDED ENTRY ELEMENTS (KOHA) | |
| Item type | Books |
| 050 ## - LIBRARY OF CONGRESS CALL NUMBER | |
| Classification number | PN56 |
| Item number | C66 |
| Source of classification or shelving scheme | Not for loan | Permanent location | Current location | Date acquired | Accession No. | Full call number | Barcode. | Koha item type |
|---|---|---|---|---|---|---|---|---|
| Library of Congress Classification | Samuel Ogbemudia Main Library, University of Abuja | Samuel Ogbemudia Main Library, University of Abuja | 01/08/2025 | 2009/33183 | PN56.P53.C66 | 2025-0041 | Books |